MARC

LEADER 00000nam0a2200000 4500
001 204358
005 20231031190037.0
035 |a (RuTPU)RU\TPU\book\222758 
090 |a 204358 
100 |a 20111122d1969 k y0rusy50 ca 
101 1 |a rus  |c eng 
102 |a RU 
105 |a a z 000zy 
200 1 |a Свет и цвет в природе  |e пер. с англ.  |f М. Миннарт 
205 |a 2-е изд. 
210 |a Москва  |c Наука  |d 1969 
215 |a 344 с.  |c ил. 
610 1 |a природа 
610 1 |a свет 
610 1 |a цвет 
610 1 |a отражение 
610 1 |a преломление 
610 1 |a искривление 
610 1 |a сила 
610 1 |a яркость 
610 1 |a глаз 
610 1 |a цвета 
610 1 |a образы 
610 1 |a суждения 
610 1 |a радуга 
610 1 |a гало 
610 1 |a небо 
610 1 |a пейзаж 
610 1 |a растения 
610 1 |a фотографии 
675 |a 535  |v 3 
675 |a 535.6  |v 3 
700 1 |a Миннарт  |b М. 
801 1 |a RU  |b 63413507  |c 20111122 
801 2 |a RU  |b 63413507  |c 20150227  |g RCR 
942 |c BK